| 000 | 01152nam a2200337 a 4500 | ||
|---|---|---|---|
| 001 | 000009276 | ||
| 005 | 20240412074210.0 | ||
| 008 | 090929s2002 dr a 000 0 spa d | ||
| 020 | _a9993420409 | ||
| 040 |
_aDO-SdBNP _bspa _cBNPHU |
||
| 041 | 1 | 7 |
_aspa _2eng |
| 041 | 1 | 7 |
_aspa _2fre |
| 082 |
_aRD868.42 _bM671c |
||
| 100 | 1 |
_aMir, Pedro, _d1913-2000 _97245 |
|
| 245 | 1 | 3 |
_aLa cuna cerrada : _bcartas a un bebé / _cPedro Mir ; cuidado de edición Noris Céspedes. |
| 260 |
_aSanto Domingo : _bEditora Nacional, _c2002. |
||
| 300 |
_a75 p. : _bil. ; _c22 cm. |
||
| 490 | 1 | _aBiblioteca Esencial | |
| 490 | 1 |
_aTestimonio ; _v1 |
|
| 500 | _aIncluye datos biográficos del autor en las solapas. | ||
| 500 | _aIncluye notas al pie de las páginas. | ||
| 500 | _aTexto en español, inglés y francés. | ||
| 590 | _aInventariado, 2019/VM | ||
| 650 | 0 |
_aPoesía dominicana _966 |
|
| 650 | 0 |
_aLiteratura dominicana. _967 |
|
| 650 | 7 |
_aDiarios personales dominicanos _2Sears _923998 |
|
| 700 | 1 | 2 |
_aCéspedes, Noris, _eed. _92492 |
| 830 | 0 |
_aBiblioteca Esencial _91356 |
|
| 830 | 0 |
_aTestimonio ; _n1 _923999 |
|
| 910 | _aValidado: Control de calidad MFF | ||
| 999 |
_c9038 _d9038 |
||